| 000 | 00804nam a2200181 a 4500 | ||
|---|---|---|---|
| 008 | 101021s2009 ||||||||||||||||| || u | ||
| 020 | _a9781412921664 | ||
| 050 | _aHD 30.4 Mye | ||
| 100 | _aMyers, Michael D | ||
| 245 | 1 | 0 |
_aQualitative research in business and management _cby Michael D. Myers |
| 260 |
_aLondon: _bSAGE Publications _c2009 |
||
| 300 | _axii, 284p.: ill. | ||
| 350 | _a0.00 | ||
| 650 | 0 | _aMANAGEMENT | |
| 650 | 0 | _a MANAGEMENT--RESEARCH | |
| 995 |
_aMAIN LIBRARY OPEN ACCESS _D0.00 _e742100 _FCBU-MAIN LIBRARY (Kitwe) _H1 _I0.00 _jHD 30.4 Mye _M1 _UAVAILABLE _WNov 19, 2010 _y742100 _ZMain Library Open Access Collection |
||
| 995 |
_aMAIN LIBRARY OPEN ACCESS _D0.00 _e741996 _FCBU-MAIN LIBRARY (Kitwe) _H1 _I0.00 _jHD 30.4 Mye _M2 _UAVAILABLE _WNov 30, 2010 _y741996 _ZMain Library Open Access Collection |
||
| 999 |
_c79891 _d79891 |
||